| 000 | 00363nam a22001577a 4500 | ||
|---|---|---|---|
| 003 | OSt | ||
| 020 | _aNA | ||
| 040 | _c0 | ||
| 082 |
_222 _a005.13 |
||
| 100 | _aGoltfried Bayron S. | ||
| 245 | _aProblem of programming with pascal / | ||
| 250 | _a2 nd. | ||
| 260 |
_aNew Delhi, _bTata McGrew Hill, _cc1997. |
||
| 300 |
_a427 p. ; _bill. ; _c24 cm. |
||
| 942 |
_2ddc _cIT |
||
| 999 |
_c4535 _d4535 |
||